00470nam a2200169 a 4500001001300000003000900013005001700022008004100039020002300080082001300103100001800116245004200134260004800176300000900224500003500233650003200268nice12345678IN_TiNIC20260116014314.0100105s2009 newa grp 000 0 eng  a9788183702003c80000a261bSNA aSnaitang, O L aChristianity and National Integration aNew Delhi bAkansha Publishing House c2009 a264p aincludes index and biblioraphy aChristianity and Secularism